书目信息 |
| 题名: |
行政公文与司法文书写作百科
|
|
| 作者: | 谷海生 , 岳海翔 , 金昌平 主编 | |
| 分册: | ||
| 出版信息: | 北京 警官教育出版社 1992.01 |
|
| 页数: | 377页 | |
| 开本: | 19cm | |
| 丛书名: | ||
| 单 册: | ||
| 中图分类: | D926.13 | |
| 科图分类: | ||
| 主题词: | 司法--行政--工作--中国 | |
| 电子资源: | ||
| ISBN: | 7-81027-102-4 | |
| 000 | 00723nam0 2200229 45 | |
| 001 | 0301030915 | |
| 005 | 20050331111154.2 | |
| 010 | @a7-81027-102-4@dCNY6.50 | |
| 100 | @a20030103d1992 km y0chiy0120 ea | |
| 101 | 0 | @achi |
| 105 | @a z 000yy | |
| 200 | 1 | @a行政公文与司法文书写作百科@AXing Zheng Gong Wen Yu Si Fa Wen Shu Xie Zuo Bai Ke@f谷海生,岳海翔,金昌平主编@FGu Hai Sheng,Yue Hai Xiang,Jin Chang Ping Zhu Bian |
| 205 | @a内部发行 | |
| 210 | @a北京@c警官教育出版社@d1992.01 | |
| 215 | @a377页@d19cm | |
| 606 | 0 | @a司法@x行政@x工作@x中国 |
| 690 | @aD926.13@v3 | |
| 701 | 0 | @a谷海生@4主编 |
| 701 | 0 | @a岳海翔@4主编 |
| 701 | 0 | @a金昌平@4主编 |
| 801 | @aCN@bTSTC@c20030103 | |
| 905 | @dD926.13@e123@f1@b224628 | |
| 行政公文与司法文书写作百科/谷海生,岳海翔,金昌平主编.-内部发行.-北京:警官教育出版社,1992.01 |
| 377页;19cm |
| ISBN 7-81027-102-4:CNY6.50 |
| ● |
| 相关链接 |
|
|
|
|
正题名:行政公文与司法文书写作百科
索取号:D926.13/123
 
预约/预借
| 序号 | 登录号 | 条形码 | 馆藏地/架位号 | 状态 | 备注 |
| 1 | 0224614 | 001256367 | 密集书库/ [索取号:D926.13/123] | 在馆 | |
| 2 | 0224615 | 001256401 | 密集书库/ [索取号:D926.13/123] | 在馆 | |
| 3 | 0224616 | 001256447 | 密集书库/ [索取号:D926.13/123] | 在馆 | |
| 4 | 0224617 | 001031234 | 密集书库/ [索取号:D926.13/123] | 在馆 | |
| 5 | 0224618 | 001031243 | 密集书库/ [索取号:D926.13/123] | 在馆 | |
| 6 | 0224623 | 001031190 | 密集书库/ [索取号:D926.13/123] | 在馆 | |
| 7 | 0224624 | 001031216 | 密集书库/ [索取号:D926.13/123] | 在馆 | |
| 8 | 0224625 | 001031225 | 密集书库/ [索取号:D926.13/123] | 在馆 | |
| 9 | 0224626 | 001031207 | 密集书库/ [索取号:D926.13/123] | 在馆 | |
| 10 | 0224627 | 001256321 | 第一借阅区/ [索取号:D926.13/123] | 在馆 | |
| 11 | 0224628 | 002009793 | 密集书库/ [索取号:D926.13/123] | 在馆 | |
| 12 | 0224629 | 001256287 | 第一样本阅览室/ [索取号:D926.13/123] | 在馆 |